| 000 | 00918cab a2200265 4500 | ||
|---|---|---|---|
| 001 | ABS51493 | ||
| 008 | 090401t1994 xxu||||| |||| 00| 0 eng d | ||
| 035 | _a(Sirsi) u30230 | ||
| 041 | _aeng | ||
| 100 | _aAshley, M. | ||
| 245 | _aNovated contracts: problems and benefits | ||
| 260 | _c1994 | ||
| 350 | _a0 | ||
| 490 |
_aCSM (Chartered Surveyor Monthly) _v4(1) October 1994, 18-19(2) |
||
| 520 | _aAs design and build contracts grow in popularity, so a number of hybrid variants have emerged. One of these, `develop and construct`, is explained here and discussed in relation to another emerging trend, that of novation. | ||
| 650 | _aDESIGN AND BUILD | ||
| 650 | _aDESIGN OBLIGATION | ||
| 650 | _aDEVELOP AND CONSTRUCT | ||
| 650 | _aNOVATION | ||
| 650 | _aPROCUREMENT METHODS | ||
| 690 | _aBUILT ENVIRONMENT-BUILDING CONTRACT FORMS | ||
| 700 | _aMorledge, R. | ||
| 942 | _n0 | ||
| 948 | _c04/03/1997 | ||
| 999 |
_c20368 _d20368 |
||